<?xml version="1.0" encoding="UTF-8"?>
<record
    xmlns:xsi="http://www.w3.org/2001/XMLSchema-instance"
    xsi:schemaLocation="http://www.loc.gov/MARC21/slim http://www.loc.gov/standards/marcxml/schema/MARC21slim.xsd"
    xmlns="http://www.loc.gov/MARC21/slim">

  <leader>01179cam a2200289 a 4500</leader>
  <datafield tag="999" ind1=" " ind2=" ">
    <subfield code="c">91</subfield>
    <subfield code="d">91</subfield>
  </datafield>
  <controlfield tag="005">20180907033411.0</controlfield>
  <controlfield tag="008">040907s2005    ohua     b    001 0 eng  </controlfield>
  <datafield tag="020" ind1=" " ind2=" ">
    <subfield code="a">0324236638 </subfield>
  </datafield>
  <datafield tag="040" ind1=" " ind2=" ">
    <subfield code="c">APEC Schools Library</subfield>
    <subfield code="b">eng</subfield>
    <subfield code="e">rda</subfield>
  </datafield>
  <datafield tag="082" ind1=" " ind2=" ">
    <subfield code="a">C 330</subfield>
    <subfield code="b">Ar641e 2005</subfield>
  </datafield>
  <datafield tag="100" ind1="1" ind2=" ">
    <subfield code="a">Arnold, Roger A.</subfield>
  </datafield>
  <datafield tag="245" ind1="1" ind2="0">
    <subfield code="a">Economics /</subfield>
    <subfield code="c">by Roger A. Arnold.</subfield>
  </datafield>
  <datafield tag="250" ind1=" " ind2=" ">
    <subfield code="a">7th edition</subfield>
  </datafield>
  <datafield tag="264" ind1=" " ind2=" ">
    <subfield code="a">Mason, Ohio :</subfield>
    <subfield code="b">South-Western ,</subfield>
    <subfield code="c">&#xA9;2005</subfield>
    <subfield code="d">[2005]</subfield>
  </datafield>
  <datafield tag="300" ind1=" " ind2=" ">
    <subfield code="a">xlviii, 816 pages :</subfield>
    <subfield code="b">color illustrations ;</subfield>
    <subfield code="c">27 cm</subfield>
  </datafield>
  <datafield tag="336" ind1=" " ind2=" ">
    <subfield code="2">rdacontent</subfield>
    <subfield code="a">text</subfield>
  </datafield>
  <datafield tag="337" ind1=" " ind2=" ">
    <subfield code="2">rdamedia</subfield>
    <subfield code="a">unmediated</subfield>
  </datafield>
  <datafield tag="338" ind1=" " ind2=" ">
    <subfield code="2">rdacarrier</subfield>
    <subfield code="a">volume</subfield>
  </datafield>
  <datafield tag="504" ind1=" " ind2=" ">
    <subfield code="a">Includes bibliographical references and index.</subfield>
  </datafield>
  <datafield tag="520" ind1=" " ind2=" ">
    <subfield code="a">"Offering a unique blend of solid theoretical content and accessibility, this text: 1) covers all the basics of macroeconomics and microeconomics, 2) gives readers a clear idea of how economists think about the world, 3) stresses the key concepts in economics, and 4) is extremely rich in intriguing applications that convey the prevalence of economics in everyday life. By applying economics to phenomenon that learners are familiar with and interested in, this book demonstrates like no other text how economic analysis can be applied to virtually anything of interest, thus helping readers develop true economic intuition. Additional features include a unique active-learning format, an emphasis on developing economic analysis skills, and an outstanding visual program for exhibits and graphs. Economics, 6e is also available in micro and macro paperback splits."--</subfield>
  </datafield>
  <datafield tag="650" ind1=" " ind2="0">
    <subfield code="a">Economics.</subfield>
  </datafield>
  <datafield tag="678" ind1=" " ind2=" ">
    <subfield code="a">Roger A. Arnold is Professor of Economics at California State University, San Marcos, where his fields of specialization include general microeconomic theory and monetary theory. A widely respected authority on economic issues, Dr. Arnold is a regularly featured expert on talk radio discussing the state of the economy. He is also a proven author who has written numerous academic articles, hundreds of newspaper columns, as well as the popular Economics In Our Times textbook and principles of economics supplementary text How to Think Like an Economist. Dr. Arnold has been a member of the economics faculty at California State University Northridge, University of Oklahoma, Hillsdale College, University of Nevada Las Vegas, and California State University San Marcos. He served as chair of the economics department for two years at University of Nevada Las Vegas and for seven years at California State University San Marcos. During his tenure at UNLV he was regularly one of the top five finalists for the teacher of the year honor (in the College of Business and Economics), and in 1987 he received the best researcher of the year award. Dr. Arnold earned a B.S. in economics in 1974 from the University of Birmingham in England and received his M.A. in 1976 and his Ph.D. in 1979 from Virginia Polytechnic Institute and State University. </subfield>
  </datafield>
  <datafield tag="856" ind1="4" ind2="2">
    <subfield code="3">Contributor biographical information</subfield>
    <subfield code="u">http://www.loc.gov/catdir/enhancements/fy1302/2004113137-b.html</subfield>
  </datafield>
  <datafield tag="856" ind1="4" ind2="2">
    <subfield code="3">Publisher description</subfield>
    <subfield code="u">http://www.loc.gov/catdir/enhancements/fy1302/2004113137-d.html</subfield>
  </datafield>
  <datafield tag="856" ind1="4" ind2="1">
    <subfield code="3">Table of contents only</subfield>
    <subfield code="u">http://www.loc.gov/catdir/enhancements/fy1302/2004113137-t.html</subfield>
  </datafield>
  <datafield tag="942" ind1=" " ind2=" ">
    <subfield code="2">ddc</subfield>
    <subfield code="c">NFIC</subfield>
  </datafield>
  <datafield tag="952" ind1=" " ind2=" ">
    <subfield code="7">0</subfield>
    <subfield code="a">B01</subfield>
    <subfield code="b">B01</subfield>
    <subfield code="c">GEN</subfield>
    <subfield code="e">Institutional Fund</subfield>
    <subfield code="o">C 330 Ar641e 2005</subfield>
    <subfield code="p">B01-0000024</subfield>
    <subfield code="r">2017-09-07</subfield>
    <subfield code="w">2017-09-07</subfield>
    <subfield code="y">NFIC</subfield>
  </datafield>
</record>
